[Event "119th NZL-ch op"]
[Site "Queenstown NZL"]
[Date "2012.01.21"]
[Round "7"]
[White "Dragicevic, Domagoj"]
[Black "Ly, Moulthun"]
[Result "1/2-1/2"]
[WhiteElo "2277"]
[BlackElo "2376"]
[EventDate "2012.01.15"]
[PlyCount "60"]

1.e4 c5 2.Nf3 d6 3.c3 Nf6 4.h3 g6 5.Bd3 Bg7 6.Bc2 Nc6 7.O-O O-O 8.d4 cxd4 
9.cxd4 d5 10.e5 Ne4 11.Nc3 Nxc3 12.bxc3 Qc7 13.Bf4 f6 14.Bg3 fxe5 15.Re1 
Qa5 16.Nxe5 Qxc3 17.Nxc6 bxc6 18.Rxe7 Qxd4 19.Qxd4 Bxd4 20.Rd1 Bc5 21.Rc7 
Bb6 22.Rxc6 Bb7 23.Rd6 Rad8 24.Rxd8 Rxd8 25.Bh4 Rd6 26.Bg3 Rd8 27.Bh4 Rd6 
28.Bg3 Rd8 29.Bh4 Rd6 30.Bg3 Rd8 1/2-1/2

[Event "119th NZL-ch op"]
[Site "Queenstown NZL"]
[Date "2012.01.21"]
[Round "7"]
[White "Drummond, Matthew"]
[Black "Guo, Emma"]
[Result "1/2-1/2"]
[WhiteElo "2227"]
[BlackElo "2010"]
[EventDate "2012.01.15"]
[PlyCount "53"]

1.c4 e5 2.g3 d6 3.Bg2 f5 4.d4 Nf6 5.Nc3 Be7 6.Nf3 e4 7.Ng5 Nc6 8.O-O O-O 
9.f3 exf3 10.Nxf3 Ne4 11.Nd5 Bf6 12.e3 Ne7 13.Nxf6+ Rxf6 14.Nd2 Nxd2 15.
Bxd2 d5 16.b3 Be6 17.Qc2 Qd7 18.Rac1 c6 19.Qb2 Re8 20.Qa3 Nc8 21.c5 Qf7 
22.Qb4 h5 23.Qc3 Bd7 24.a4 Ne7 25.Qd3 h4 26.Be1 Rh6 27.Rf3 1/2-1/2

[Event "119th NZL-ch op"]
[Site "Queenstown NZL"]
[Date "2012.01.21"]
[Round "7"]
[White "Duneas, John"]
[Black "Garbett, Paul Anthony"]
[Result "0-1"]
[WhiteElo "2087"]
[BlackElo "2290"]
[EventDate "2012.01.15"]
[PlyCount "82"]

1.d4 e6 2.Nf3 Nf6 3.c4 Bb4+ 4.Nbd2 O-O 5.a3 Be7 6.e4 d5 7.Bd3 c5 8.e5 Nfd7
9.cxd5 exd5 10.dxc5 Nxc5 11.Bb1 Bg4 12.O-O Nc6 13.Re1 a5 14.Nf1 d4 15.Bf4 
Qb6 16.h3 Be6 17.Nxd4 Nxd4 18.Qxd4 Rfd8 19.Qc3 Nb3 20.Be3 Qa6 21.Qc2 g6 
22.Ra2 Rac8 23.Qe4 a4 24.Qf4 Qa5 25.Re2 Rc4 26.Be4 Qb5 27.Ng3 Rd1+ 28.Kh2 
Nc1 29.Bxc1 Rcxc1 30.b3 axb3 31.Rad2 Qc5 32.Bxb7 Rxd2 33.Qxd2 Rc2 34.Qd1 
Rxe2 35.Qxe2 Bg5 36.Qe4 b2 37.Qb1 Qxf2 38.Ne4 Bf4+ 39.Kh1 Qe3 40.Nf6+ Kf8 
41.Be4 Qc1+ 0-1

[Event "119th NZL-ch op"]
[Site "Queenstown NZL"]
[Date "2012.01.21"]
[Round "7"]
[White "Fairbairn, Stephen"]
[Black "Repplinger, Marc"]
[Result "0-1"]
[WhiteElo "2052"]
[BlackElo "2241"]
[EventDate "2012.01.15"]
[PlyCount "76"]

1.c4 f5 2.g3 Nf6 3.Bg2 e5 4.d4 e4 5.Nh3 Bb4+ 6.Bd2 Qe7 7.a3 Bxd2+ 8.Qxd2 
O-O 9.O-O d5 10.cxd5 Nxd5 11.Nc3 Be6 12.Nxd5 Bxd5 13.Nf4 c6 14.e3 Nd7 15.
Rfc1 Nf6 16.b4 Bf7 17.Rc5 g5 18.Ne2 Nd5 19.Nc3 a6 20.Nxd5 Bxd5 21.Rf1 b6 
22.Rc2 a5 23.Rb1 axb4 24.Qxb4 Qxb4 25.axb4 b5 26.Bf1 Kf7 27.Be2 Ke6 28.Kf1
Ra3 29.Ke1 Kd6 30.Kd2 f4 31.gxf4 gxf4 32.Rc3 Ra2+ 33.Ke1 f3 34.Bf1 Rfa8 
35.h4 h5 36.Rcc1 R8a3 37.Bh3 Re2+ 38.Kf1 Raa2 0-1

[Event "119th NZL-ch op"]
[Site "Queenstown NZL"]
[Date "2012.01.21"]
[Round "7"]
[White "Fairley, Natasha"]
[Black "Watson, Jean"]
[Result "1/2-1/2"]
[WhiteElo "1798"]
[BlackElo "1571"]
[EventDate "2012.01.15"]
[PlyCount "73"]

1.e4 e6 2.d4 d5 3.exd5 exd5 4.Bd3 Nc6 5.c3 Bd6 6.h3 Nf6 7.Ne2 Be6 8.Bf4 
Qd7 9.Bxd6 Qxd6 10.Ng3 O-O-O 11.O-O Ne7 12.a4 Kb8 13.b4 Ng6 14.Qd2 Nf4 15.
Bf5 Rde8 16.Bxe6 Nxe6 17.Re1 g6 18.Na3 h5 19.Re5 h4 20.Ne2 Ne4 21.Qa2 c6 
22.f3 f6 23.Rxe6 Qxe6 24.fxe4 Qxe4 25.Re1 Qe3+ 26.Kh2 Re4 27.c4 Rxd4 28.
Nc2 Qe5+ 29.Kg1 Rxc4 30.Ned4 Qg5 31.Qb2 f5 32.Nf3 Qh6 33.Qe5+ Kc8 34.Qe6+ 
Kc7 35.Qe7+ Kc8 36.Qe6+ Kc7 37.Qe7+ 1/2-1/2

[Event "119th NZL-ch op"]
[Site "Queenstown NZL"]
[Date "2012.01.21"]
[Round "7"]
[White "Forster, William"]
[Black "Fuatai, Fuatai"]
[Result "1/2-1/2"]
[WhiteElo "1910"]
[BlackElo "2031"]
[EventDate "2012.01.15"]
[PlyCount "97"]

1.Nf3 d5 2.c4 Nf6 3.cxd5 Nxd5 4.e4 Nb6 5.d4 g6 6.Be2 Bg7 7.h3 O-O 8.Nc3 
Be6 9.O-O h6 10.Bf4 c6 11.Qc1 Kh7 12.Rd1 Na6 13.b3 Nc7 14.Qe3 Ne8 15.Rac1 
Nf6 16.Rc2 Rc8 17.Rcd2 Qe8 18.g4 Rh8 19.Bh2 Kg8 20.Ne1 h5 21.g5 Nh7 22.Bd3
Qd7 23.Bb1 Bxh3 24.f4 Bg4 25.Nf3 Bxf3 26.Qxf3 e6 27.Qg3 Qd6 28.Ne2 Nf8 29.
Kh1 Rd8 30.Qg2 Qb4 31.Bg1 Nfd7 32.f5 exf5 33.exf5 Kh7 34.Nf4 Kg8 35.fxg6 
Rf8 36.Qe4 Qd6 37.gxf7+ Rxf7 38.Bh2 Qf8 39.Qe6 Qe7 40.Qxe7 Rxe7 41.Ng6 Rf7
42.Nxh8 Bxh8 43.Re2 Bg7 44.Kg2 Nd5 45.Re8+ Nf8 46.Bg6 Ne3+ 47.Rxe3 Nxg6 
48.Re4 Rf5 49.Rf1 1/2-1/2

[Event "119th NZL-ch op"]
[Site "Queenstown NZL"]
[Date "2012.01.21"]
[Round "7"]
[White "Ganguly, Surya Shekhar"]
[Black "Rozentalis, Eduardas"]
[Result "1/2-1/2"]
[WhiteElo "2639"]
[BlackElo "2592"]
[EventDate "2012.01.15"]
[PlyCount "93"]

1.d4 Nf6 2.c4 e6 3.g3 d5 4.Nf3 Be7 5.Bg2 O-O 6.O-O dxc4 7.Ne5 Nc6 8.Nxc6 
bxc6 9.Na3 Bxa3 10.bxa3 Nd5 11.Qa4 a5 12.Qxc4 Ba6 13.Qc2 a4 14.Rd1 Bb5 15.
e4 Nb6 16.Bd2 Re8 17.Bb4 Qc8 18.Rac1 Qb7 19.h4 Rad8 20.h5 h6 21.e5 Nd5 22.
Bc5 Qa6 23.Bf3 Rd7 24.Bg4 Rdd8 25.Kh2 Rd7 26.Rd2 Qa5 27.Bf3 Qa6 28.Re1 Qa5
29.Rc1 Qa6 30.Rdd1 Kh8 31.Qd2 Qa8 32.Be4 Qd8 33.Re1 f5 34.exf6 Nxf6 35.Bg6
e5 36.Kg1 e4 37.Qf4 Re6 38.f3 Rd5 39.Qh4 Rxc5 40.dxc5 exf3 41.Rxe6 Qd2 42.
Rc2 f2+ 43.Kh2 Qxc2 44.Bxc2 f1=Q 45.Qf4 Ng4+ 46.Qxg4 Qf2+ 47.Kh1 1/2-1/2

[Event "119th NZL-ch op"]
[Site "Queenstown NZL"]
[Date "2012.01.21"]
[Round "7"]
[White "Gu Xiaobing"]
[Black "Haznedaroglu, Kivanc"]
[Result "1-0"]
[WhiteElo "2244"]
[BlackElo "2455"]
[EventDate "2012.01.15"]
[PlyCount "115"]

1.e4 e5 2.f4 exf4 3.Bc4 d5 4.exd5 Bd6 5.Nf3 Ne7 6.O-O O-O 7.Nc3 Bg4 8.d4 
Nd7 9.Ne4 Nb6 10.Bd3 Nbxd5 11.c4 Ne3 12.Bxe3 fxe3 13.Nxd6 Bxf3 14.Qxf3 
Qxd6 15.Qxe3 Nc6 16.Rad1 Rad8 17.d5 Ne5 18.c5 Qe7 19.Rfe1 Rfe8 20.Bf1 Qh4 
21.Qg3 Qxg3 22.hxg3 Kf8 23.Re3 Ng4 24.Ra3 a6 25.d6 cxd6 26.cxd6 Ne3 27.
Rdd3 Nc4 28.d7 Re7 29.Rac3 Nb6 30.Rd6 Re6 31.Rxe6 fxe6 32.Rb3 Nxd7 33.Rxb7
Nc5 34.Rc7 Rd5 35.Bc4 Rd1+ 36.Kh2 Nd3 37.Bxe6 h6 38.b3 Ke8 39.Rxg7 Ne1 40.
a4 Rd2 41.Kh3 Rxg2 42.Bc4 Rb2 43.Kg4 Nc2 44.Kf5 Kd8 45.Ke4 a5 46.Rg6 Na1 
47.Kd4 Rg2 48.Bd5 Rd2+ 49.Ke5 Kc7 50.Rxh6 Rd3 51.g4 Re3+ 52.Kf4 Rd3 53.Bc4
Rc3 54.g5 Nxb3 55.Bxb3 Rxb3 56.g6 Rb8 57.Kf5 Kd7 58.Rh7+ 1-0

[Event "119th NZL-ch op"]
[Site "Queenstown NZL"]
[Date "2012.01.21"]
[Round "7"]
[White "Holland, Dennis"]
[Black "Lukey, Stephen"]
[Result "0-1"]
[WhiteElo "1958"]
[BlackElo "2261"]
[EventDate "2012.01.15"]
[PlyCount "122"]

1.d4 Nf6 2.Nf3 g6 3.Nbd2 Bg7 4.e4 d6 5.c3 O-O 6.Bd3 c5 7.O-O cxd4 8.cxd4 
Nc6 9.d5 Nb4 10.Bc4 Qc7 11.a3 Na6 12.Bxa6 bxa6 13.Rb1 Bd7 14.a4 Rfc8 15.b3
Qc2 16.Ba3 Qd3 17.Re1 Rab8 18.Re3 Qc2 19.Qe1 Ng4 20.Re2 Qc7 21.h3 Ne5 22.
Nxe5 Bxe5 23.Nc4 Bd4 24.Qd1 Bg7 25.Rc2 Qd8 26.Ne3 Rxc2 27.Qxc2 Rc8 28.Nc4 
Bb5 29.Qd3 Bxc4 30.bxc4 Qa5 31.Qb3 Qd2 32.Qb7 Rf8 33.Bb2 Bxb2 34.Qxb2 Qd3 
35.f3 Qxc4 36.Qb4 Qc2 37.Qb3 Qc5+ 38.Kh1 Rc8 39.Qb7 Qc2 40.Rg1 Rc7 41.Qxa6
Kg7 42.Qb5 h5 43.Rb1 Rc5 44.Qb7 a5 45.Qb2+ Qxb2 46.Rxb2 Rc4 47.Rb7 Kf6 48.
Ra7 Rxa4 49.Kh2 h4 50.Ra6 g5 51.Ra7 Ra1 52.Ra6 a4 53.Ra7 a3 54.Ra6 Ke5 55.
Ra7 Kd4 56.Rxe7 Rb1 57.Ra7 Rb3 58.Ra8 f6 59.Ra6 Kc3 60.Rxd6 a2 61.Ra6 Kb2 
0-1

[Event "119th NZL-ch op"]
[Site "Queenstown NZL"]
[Date "2012.01.21"]
[Round "7"]
[White "Holt, Kenneth"]
[Black "Dordevic, Ivan"]
[Result "0-1"]
[WhiteElo "1914"]
[BlackElo "2060"]
[EventDate "2012.01.15"]
[PlyCount "50"]

1.c4 c5 2.Nc3 g6 3.g3 Bg7 4.Bg2 Nc6 5.Nf3 e6 6.e3 Nge7 7.O-O O-O 8.Rb1 d5 
9.d3 b6 10.cxd5 exd5 11.Ne2 Ba6 12.a3 Qd7 13.b4 cxb4 14.axb4 Bb5 15.d4 Bc4
16.Re1 a5 17.b5 Nb4 18.Nc3 Nd3 19.Re2 Nxc1 20.Rxc1 Bxe2 21.Qxe2 Rfc8 22.
Ne5 Bxe5 23.dxe5 Rc5 24.Qd2 Rac8 25.Bf1 Qc7 0-1

[Event "119th NZL-ch op"]
[Site "Queenstown NZL"]
[Date "2012.01.21"]
[Round "7"]
[White "Johnson, Quentin"]
[Black "Morris, James"]
[Result "0-1"]
[WhiteElo "2127"]
[BlackElo "2354"]
[EventDate "2012.01.15"]
[PlyCount "50"]

1.d4 Nf6 2.Nf3 g6 3.c4 Bg7 4.Nc3 d5 5.cxd5 Nxd5 6.Na4 Nb6 7.e4 Bg4 8.Be3 
Bxf3 9.gxf3 O-O 10.Nc5 e5 11.d5 c6 12.d6 N8d7 13.b4 Qb8 14.Bh3 Rd8 15.Qb3 
a5 16.Bg5 Bf6 17.Ne6 a4 18.Qe3 Bxg5 19.Qxg5 fxe6 20.Bxe6+ Kh8 21.O-O-O Re8
22.Bf7 Rf8 23.Bxg6 Rg8 24.Rhg1 Rxg6 25.Qe7 Qg8 0-1

[Event "119th NZL-ch op"]
[Site "Queenstown NZL"]
[Date "2012.01.21"]
[Round "7"]
[White "Jones, Gawain"]
[Black "Hansen, Sune Berg"]
[Result "1/2-1/2"]
[WhiteElo "2653"]
[BlackElo "2572"]
[EventDate "2012.01.15"]
[PlyCount "197"]

1.e4 e5 2.Nf3 Nc6 3.Bb5 a6 4.Ba4 Nf6 5.O-O Be7 6.Re1 b5 7.Bb3 O-O 8.d4 
Nxd4 9.Nxd4 exd4 10.e5 Ne8 11.c3 dxc3 12.Nxc3 d6 13.Qf3 Be6 14.Nd5 Bxd5 
15.Bxd5 Rb8 16.Be3 c5 17.Rad1 Qc7 18.e6 fxe6 19.Bxe6+ Kh8 20.Qh3 g6 21.b4 
c4 22.Bd4+ Bf6 23.Bd7 Ng7 24.Bxf6 Rxf6 25.Qc3 Rbf8 26.Re7 Qb6 27.Kh1 Qxf2 
28.h3 R6f7 29.Rxf7 Qxf7 30.Bc6 Qf6 31.Qxf6 Rxf6 32.g4 h5 33.a4 bxa4 34.
Bxa4 Kh7 35.Rd4 c3 36.Kg1 hxg4 37.hxg4 Kh6 38.Bd1 Kg5 39.Rc4 Rf4 40.Rxc3 
Rxb4 41.Rd3 Rb6 42.Re3 Rb1 43.Rd3 Ne8 44.Kg2 Rb6 45.Kg3 Nf6 46.Bf3 Nd7 47.
Be2 Ne5 48.Rd5 Kf6 49.Kf2 g5 50.Ra5 Ke6 51.Ra4 d5 52.Ke3 Nc6 53.Bxa6 Rb3+ 
54.Kd2 Ke5 55.Bd3 Rb2+ 56.Kc3 Rg2 57.Bf5 Rg3+ 58.Kd2 Nd4 59.Bc8 Nb3+ 60.
Kc2 Nc5 61.Rb4 Rg2+ 62.Kc3 Ne4+ 63.Kb3 Nd6 64.Bd7 Nc4 65.Kc3 Rg3+ 66.Kc2 
Kd4 67.Rb8 Rg2+ 68.Kd1 Ne5 69.Bf5 Nd3 70.Rb3 Nf2+ 71.Ke1 Ne4 72.Rb4+ Ke3 
73.Rb3+ Kf4 74.Rd3 Rh2 75.Ra3 Rc2 76.Kd1 Rc3 77.Ra2 Ke3 78.Re2+ Kf3 79.Rb2
Re3 80.Rb4 Ra3 81.Kc2 Ke3 82.Rb5 Rc3+ 83.Kb2 Rc5 84.Rb3+ Kd2 85.Rb4 Nd6 
86.Rd4+ Ke3 87.Rd3+ Kf4 88.Bh7 Nc4+ 89.Kb3 Ne5 90.Rd1 Nxg4 91.Rd4+ Kg3 92.
Kb4 Rc4+ 93.Rxc4 dxc4 94.Kxc4 Ne5+ 95.Kc3 Kf4 96.Kd2 g4 97.Ke2 g3 98.Kf1 
Nf3 99.Bg8 1/2-1/2

[Event "119th NZL-ch op"]
[Site "Queenstown NZL"]
[Date "2012.01.21"]
[Round "7"]
[White "Judkins, Gary"]
[Black "Yeten, Huseyin"]
[Result "0-1"]
[WhiteElo "1619"]
[BlackElo "1781"]
[EventDate "2012.01.15"]
[PlyCount "80"]

1.e4 e5 2.Nf3 Nc6 3.Bb5 a6 4.Ba4 d6 5.c3 Bd7 6.O-O f5 7.exf5 Bxf5 8.d4 b5 
9.Bb3 e4 10.Bd5 Nge7 11.Bxc6+ Nxc6 12.d5 exf3 13.dxc6 fxg2 14.Re1+ Kf7 15.
Qd5+ Kf6 16.Be3 h6 17.Nd2 Be7 18.Nf3 Kg6 19.Nd4 Rf8 20.Bd2 Rf6 21.Re3 Qf8 
22.Rae1 Re8 23.Rg3+ Kh7 24.Qxg2 Qf7 25.Be3 Bf8 26.Rd1 Be4 27.Qf1 Qxa2 28.
Qe2 Qf7 29.Qd2 d5 30.Qe2 Bd6 31.Rg4 Re5 32.Rxe4 dxe4 33.Qc2 Qg6+ 34.Kf1 
Rh5 35.Ke2 Rxh2 36.Kd2 Rfxf2+ 37.Bxf2 Rxf2+ 38.Ne2 Rxe2+ 39.Kc1 Rxc2+ 40.
Kxc2 e3+ 0-1

[Event "119th NZL-ch op"]
[Site "Queenstown NZL"]
[Date "2012.01.21"]
[Round "7"]
[White "Ker, Anthony"]
[Black "Lauterbach, Ingrid"]
[Result "1-0"]
[WhiteElo "2359"]
[BlackElo "2053"]
[EventDate "2012.01.15"]
[PlyCount "93"]

1.e4 c5 2.c3 Nf6 3.e5 Nd5 4.d4 cxd4 5.Nf3 Nc6 6.cxd4 d6 7.Bc4 Nb6 8.Bb3 d5
9.Nh4 e6 10.g3 Bd7 11.O-O Be7 12.Ng2 Na5 13.Bc2 Qc7 14.Bd3 Nc6 15.Be3 Nb4 
16.Nc3 Nxd3 17.Qxd3 Nc4 18.b3 Nxe3 19.Nxe3 Qa5 20.a4 a6 21.f4 Rc8 22.Rac1 
O-O 23.f5 Bb4 24.Ne2 Rxc1 25.Rxc1 Bd2 26.Rd1 Bb4 27.f6 Rc8 28.fxg7 Kxg7 
29.Ng4 Be7 30.Qe3 Qd8 31.h4 Kh8 32.Rf1 Qg8 33.Nh6 Qg6 34.Nxf7+ Kg8 35.Rf4 
h5 36.Ng5 b5 37.axb5 Bxb5 38.Rf2 Rc2 39.Nf4 Bxg5 40.hxg5 Qf5 41.Nxh5 Rxf2 
42.Qxf2 Qb1+ 43.Kh2 Qxb3 44.g6 Be8 45.Nf6+ Kf8 46.Nxe8+ Kxe8 47.g7 1-0

[Event "119th NZL-ch op"]
[Site "Queenstown NZL"]
[Date "2012.01.21"]
[Round "7"]
[White "King, Mathew"]
[Black "Hartvig, Ove Weiss"]
[Result "0-1"]
[WhiteElo "1961"]
[BlackElo "2210"]
[EventDate "2012.01.15"]
[PlyCount "108"]

1.c4 e5 2.g3 Nc6 3.Nc3 g6 4.Bg2 Bg7 5.e4 d6 6.Nge2 Be6 7.d3 Qd7 8.O-O h5 
9.h4 Nge7 10.Nd5 f6 11.Be3 Nd8 12.Qd2 c6 13.Nxe7 Qxe7 14.Rac1 Qf7 15.b3 c5
16.f4 b6 17.f5 Bd7 18.Nc3 Bc6 19.Bh3 gxf5 20.Bxf5 Ne6 21.Bxe6 Qxe6 22.Rf5 
O-O-O 23.Rcf1 Rdg8 24.Kh2 Qe8 25.Nd5 Bxd5 26.cxd5 Rh7 27.a4 Qg6 28.Qf2 a5 
29.Qf3 Bh8 30.Kh3 Kb7 31.Bd2 Ka6 32.Be1 Qg4+ 33.Qxg4 hxg4+ 34.Kg2 Rb8 35.
Bd2 b5 36.axb5+ Rxb5 37.Ra1 Rxb3 38.Bxa5 Kb5 39.Bd2 Rxd3 40.Rf2 c4 41.Ra5+
Kb6 42.Ra8 Bg7 43.Rc8 f5 44.exf5 e4 45.Rxc4 Be5 46.Bf4 e3 47.Bxe3+ Rxe3 
48.Rxg4 Kc5 49.f6 Rf7 50.Rg7 Rxg7 51.fxg7 Rxg3+ 52.Kf1 Rxg7 53.h5 Rg5 54.
Ke2 Rxh5 0-1

[Event "119th NZL-ch op"]
[Site "Queenstown NZL"]
[Date "2012.01.21"]
[Round "7"]
[White "Koerber, Matthias"]
[Black "Matheson, Laurence"]
[Result "0-1"]
[WhiteElo "1916"]
[BlackElo "2167"]
[EventDate "2012.01.15"]
[PlyCount "42"]

1.d4 Nf6 2.c4 e6 3.Nc3 c5 4.d5 exd5 5.cxd5 d6 6.e4 g6 7.h3 Bg7 8.Nf3 a6 9.
a4 Nbd7 10.Bd3 Nh5 11.g4 Nhf6 12.O-O h5 13.g5 Nh7 14.Bf4 Ne5 15.Bxe5 Bxe5 
16.Nxe5 Qxg5+ 17.Kh2 Qf4+ 18.Kg2 dxe5 19.Ne2 Qg5+ 20.Kh2 Qh4 21.Ng1 Ng5 
0-1

[Event "119th NZL-ch op"]
[Site "Queenstown NZL"]
[Date "2012.01.21"]
[Round "7"]
[White "Lester, George"]
[Black "Bird, Andrew"]
[Result "0-1"]
[WhiteElo "2008"]
[BlackElo "2216"]
[EventDate "2012.01.15"]
[PlyCount "84"]

1.d4 d5 2.c4 c6 3.Nf3 Nf6 4.Nc3 a6 5.c5 Bf5 6.h3 Ne4 7.Qb3 Ra7 8.Bf4 Nd7 
9.Ne5 g5 10.Nxd7 gxf4 11.Nxf8 Kxf8 12.Nxe4 Bxe4 13.O-O-O Rg8 14.f3 Bg6 15.
e3 fxe3 16.Qxe3 b6 17.cxb6 Qxb6 18.g4 Rc7 19.Bd3 c5 20.dxc5 Rxc5+ 21.Kb1 
Bxd3+ 22.Rxd3 Rg6 23.Qe5 Qf6 24.Re1 Qxe5 25.Rxe5 Rgc6 26.a3 e6 27.Rh5 Kg7 
28.Rg5+ Kf6 29.Rg8 e5 30.Rd8 e4 31.Re3 Rc1+ 32.Ka2 Ke5 33.fxe4 dxe4 34.Re2
Re6 35.Rd7 f6 36.Rxh7 Kf4 37.Rd7 Kf3 38.Rh2 e3 39.Rd3 Rf1 40.Rc2 Rf2 41.
Rcc3 Kf4 42.Rd4+ Re4 0-1

[Event "119th NZL-ch op"]
[Site "Queenstown NZL"]
[Date "2012.01.21"]
[Round "7"]
[White "Li Zuhao, Luke"]
[Black "Gao, Hans"]
[Result "1/2-1/2"]
[WhiteElo "2165"]
[BlackElo "1924"]
[EventDate "2012.01.15"]
[PlyCount "43"]

1.e4 e5 2.Nf3 Nf6 3.Nxe5 d6 4.Nf3 Nxe4 5.Qe2 Qe7 6.Nc3 Nxc3 7.Qxe7+ Bxe7 
8.dxc3 c6 9.Bf4 Bf5 10.Bd3 Bxd3 11.cxd3 O-O 12.d4 d5 13.O-O Nd7 14.Rfe1 
Bf6 15.Ne5 Bxe5 16.Bxe5 Nxe5 17.Rxe5 Rfe8 18.Rae1 Kf8 19.Kf1 Rxe5 20.Rxe5 
Re8 21.Rxe8+ Kxe8 22.Ke2 1/2-1/2

[Event "119th NZL-ch op"]
[Site "Queenstown NZL"]
[Date "2012.01.21"]
[Round "7"]
[White "Lim Kian Hwa"]
[Black "Jones, Brian"]
[Result "0-1"]
[WhiteElo "1922"]
[BlackElo "2092"]
[EventDate "2012.01.15"]
[PlyCount "84"]

1.e4 c5 2.Nc3 e6 3.g3 Nc6 4.Bg2 g6 5.d3 Bg7 6.Be3 b6 7.Qd2 Bb7 8.O-O-O Nd4
9.Re1 a6 10.Nd1 Rc8 11.c3 Qe7 12.Kb1 Nb5 13.f4 d6 14.g4 Qc7 15.f5 Ne7 16.
Bh6 Bxh6 17.Qxh6 Kd7 18.Ne2 c4 19.d4 e5 20.dxe5 dxe5 21.Ne3 Nd6 22.Rd1 Qc5
23.Rd2 Kc7 24.Rhd1 Rcd8 25.Ng3 b5 26.Qh4 Ndc8 27.Nd5+ Nxd5 28.exd5 Kb8 29.
Ne4 Qb6 30.Qg3 Rhe8 31.Ng5 gxf5 32.gxf5 Qf6 33.Be4 Rg8 34.Nxh7 Qh8 35.Qh4 
Nd6 36.f6 Nxe4 37.Qxe4 Rd6 38.Qxe5 Qxh7+ 39.Ka1 Rd8 40.Rg2 Ka8 41.Rg7 Qc2 
42.Rb1 Rxd5 0-1

[Event "119th NZL-ch op"]
[Site "Queenstown NZL"]
[Date "2012.01.21"]
[Round "7"]
[White "Liu, Yi"]
[Black "Dive, Russell John"]
[Result "0-1"]
[WhiteElo "2072"]
[BlackElo "2345"]
[EventDate "2012.01.15"]
[PlyCount "68"]

1.d4 Nf6 2.c4 e6 3.Nc3 Bb4 4.Nf3 c5 5.e3 O-O 6.Bd3 Nc6 7.O-O d5 8.Re1 dxc4
9.Bxc4 Qc7 10.a3 Bxc3 11.bxc3 e5 12.d5 Na5 13.d6 Qb8 14.Nxe5 Nxc4 15.Nxc4 
Be6 16.Nb2 Rd8 17.e4 Rxd6 18.Qf3 Rb6 19.Nd3 Qf8 20.Nf4 Re8 21.e5 Bc4 22.
Bd2 Nd7 23.Qh5 g6 24.Qh4 Rxe5 25.Nxg6 hxg6 26.Qxc4 Qe7 27.Be3 Re4 28.Qa2 
Ne5 29.h3 Nc4 30.Bd2 Qe6 31.Qc2 Re2 32.Rad1 Rb2 33.Qd3 Rbxd2 34.Rxe2 Rxd3 
0-1

[Event "119th NZL-ch op"]
[Site "Queenstown NZL"]
[Date "2012.01.21"]
[Round "7"]
[White "Louie, Ryan"]
[Black "Flitney, Adrian"]
[Result "1/2-1/2"]
[WhiteElo "1677"]
[BlackElo "1959"]
[EventDate "2012.01.15"]
[PlyCount "65"]

1.d4 d5 2.c4 e6 3.Nf3 Nf6 4.Nc3 Nbd7 5.e3 Be7 6.Bd3 dxc4 7.Bxc4 b6 8.O-O 
Bb7 9.Re1 Ne4 10.Nxe4 Bxe4 11.Bd2 O-O 12.Bc3 Bd6 13.Qe2 Qf6 14.Rad1 Qh6 
15.h3 f5 16.d5 Bxf3 17.Qxf3 e5 18.Bb5 e4 19.Qe2 Ne5 20.Bxe5 Bxe5 21.Bd7 
Kh8 22.Rc1 g5 23.Rc6 Bd6 24.Be6 Rf6 25.Rec1 g4 26.Rxd6 cxd6 27.hxg4 Qh4 
28.Qa6 Qxg4 29.Rc8+ Rxc8 30.Qxc8+ Kg7 31.Qc7+ Kh6 32.Qxd6 Kg5 33.Qe7 
1/2-1/2

[Event "119th NZL-ch op"]
[Site "Queenstown NZL"]
[Date "2012.01.21"]
[Round "7"]
[White "Machdoem, Andhika"]
[Black "Lovejoy, David"]
[Result "1-0"]
[WhiteElo "2129"]
[BlackElo "1939"]
[EventDate "2012.01.15"]
[PlyCount "57"]

1.d4 Nf6 2.c4 c5 3.e3 g6 4.Nf3 Bg7 5.Be2 O-O 6.O-O d6 7.Nc3 Nc6 8.d5 Na5 
9.Qc2 e6 10.e4 Re8 11.Rb1 a6 12.a3 exd5 13.exd5 Qc7 14.Nd2 Bf5 15.Bd3 Bxd3
16.Qxd3 Rac8 17.b3 Nd7 18.Nde4 b6 19.Qh3 Nb7 20.Bh6 Re5 21.Bxg7 Kxg7 22.f4
Re7 23.Qh4 f6 24.Rf3 Rf8 25.Rbf1 Qd8 26.f5 gxf5 27.Rxf5 Re5 28.Ng3 Kh8 29.
Nce4 1-0

[Event "119th NZL-ch op"]
[Site "Queenstown NZL"]
[Date "2012.01.21"]
[Round "7"]
[White "Millikan, Erlend"]
[Black "Bennett, Hilton"]
[Result "0-1"]
[WhiteElo "1760"]
[BlackElo "1965"]
[EventDate "2012.01.15"]
[PlyCount "82"]

1.d4 Nf6 2.Bg5 e6 3.Nf3 c5 4.c3 Nc6 5.e4 Qb6 6.Bxf6 Qxb2 7.Be5 Qxa1 8.Qc2 
cxd4 9.Nxd4 Nxd4 10.Bxd4 f6 11.Bc4 Ba3 12.Kd2 b5 13.Rd1 Qb2 14.Qxb2 Bxb2 
15.Bxb5 Rb8 16.Bc4 a5 17.a4 Bb7 18.f3 Bc6 19.Bb5 Bxb5 20.axb5 Rxb5 21.Kc2 
Rb7 22.Bc5 a4 23.Bb4 a3 24.Nxa3 Bxa3 25.Bxa3 Kf7 26.Bb4 Ra8 27.Kb3 Ke8 28.
Rd2 Rba7 29.Rc2 d5 30.exd5 exd5 31.Re2+ Kf7 32.Rd2 Rd7 33.Kb2 Rb8 34.Rd4 
Ke6 35.g4 Rc8 36.Kc2 Rc4 37.Kd3 Rxd4+ 38.cxd4 Rb7 39.Kc3 f5 40.h3 fxg4 41.
hxg4 Rf7 0-1

[Event "119th NZL-ch op"]
[Site "Queenstown NZL"]
[Date "2012.01.21"]
[Round "7"]
[White "Pieri, Enzo"]
[Black "Burns, Christopher John"]
[Result "0-1"]
[WhiteElo "1771"]
[BlackElo "2022"]
[EventDate "2012.01.15"]
[PlyCount "126"]

1.d4 d5 2.Nf3 Nf6 3.g3 Bf5 4.Bg2 h6 5.O-O e6 6.c4 c6 7.c5 b6 8.b4 a5 9.
bxa5 bxc5 10.Bd2 cxd4 11.Nxd4 Be4 12.Qc1 Qd7 13.Nb3 Bxg2 14.Kxg2 Na6 15.
Be3 c5 16.Na3 Rc8 17.Rd1 Bd6 18.Rb1 O-O 19.f4 Rfd8 20.Nd2 Nb4 21.Rb2 Qa4 
22.Ndb1 Qxa5 23.Qd2 Ne4 24.Qe1 Ra8 25.Bd2 Qa6 26.Bxb4 cxb4 27.Nc2 Rdb8 28.
Rd3 Nc5 29.Rd4 Na4 30.Rb3 Bc5 31.Rdd3 Qa5 32.a3 Qc7 33.axb4 Be7 34.Nd4 Nb6
35.b5 Bf6 36.Nc6 Rc8 37.Qb4 Ra4 38.Qe1 Nc4 39.Nc3 Raa8 40.e4 Bxc3 41.Rdxc3
Ra2+ 42.Kh3 Rca8 43.exd5 exd5 44.f5 Kf8 45.Nb4 Ra1 46.Rb1 Rxb1 47.Qxb1 Qe5
48.Qd3 Nb6 49.Rc5 g5 50.fxg6 Qe6+ 51.g4 h5 52.Qf5 hxg4+ 53.Kxg4 Qe2+ 54.
Qf3 Qe6+ 55.Qf5 Ra4 56.Qxe6 fxe6 57.Kg5 Rxb4 58.Rc6 Rxb5 59.Rxe6 Nd7 60.
Kh6 Rb6 61.Kh7 Rxe6 62.g7+ Ke7 63.g8=N+ Kf7 0-1

[Event "119th NZL-ch op"]
[Site "Queenstown NZL"]
[Date "2012.01.21"]
[Round "7"]
[White "Pinic, Noel"]
[Black "Kruttika, Nadig"]
[Result "0-1"]
[WhiteElo "2066"]
[BlackElo "2234"]
[EventDate "2012.01.15"]
[PlyCount "72"]

1.e4 c5 2.Nf3 d6 3.d4 cxd4 4.Nxd4 Nf6 5.Nc3 a6 6.a4 e5 7.Nb3 Be6 8.Be2 Be7
9.O-O Nbd7 10.Be3 O-O 11.Kh1 Rc8 12.a5 Qc7 13.f4 Bc4 14.f5 Bxe2 15.Qxe2 
Qc4 16.Qf3 d5 17.exd5 e4 18.Qg3 Nxd5 19.Bh6 Bf6 20.Nxd5 Qxd5 21.Rad1 Be5 
22.Qg4 Qc6 23.Bg5 Nf6 24.Bxf6 Bxf6 25.Nd4 Qa4 26.c3 Qxa5 27.Qxe4 Qb6 28.g4
Qxb2 29.g5 Bxg5 30.f6 Bxf6 31.Nf5 Qxc3 32.Rg1 Rfe8 33.Qg2 Qc6 34.Rd5 Re5 
35.Rxe5 Qxg2+ 36.Kxg2 Rc2+ 0-1

[Event "119th NZL-ch op"]
[Site "Queenstown NZL"]
[Date "2012.01.21"]
[Round "7"]
[White "Press, Harry"]
[Black "Janisz, Andrew"]
[Result "1-0"]
[WhiteElo "1884"]
[BlackElo "1989"]
[EventDate "2012.01.15"]
[PlyCount "99"]

1.d4 Nf6 2.c4 g6 3.Nc3 Bg7 4.e4 d6 5.Be2 O-O 6.Bg5 c5 7.d5 h6 8.Bh4 a6 9.
Qd2 b5 10.cxb5 axb5 11.Bxb5 Ba6 12.Bxa6 Nxa6 13.Nf3 Nb4 14.O-O Qb6 15.a3 
Na6 16.Rab1 c4 17.Bxf6 exf6 18.Qd4 Qxd4 19.Nxd4 f5 20.Rfd1 fxe4 21.Nxe4 
Be5 22.Nc6 f5 23.Nxe5 dxe5 24.Nd6 Nc5 25.Nxc4 e4 26.Ne5 Kg7 27.Rbc1 Rfe8 
28.Rxc5 Rxe5 29.Rc7+ Kf6 30.d6 Rd8 31.b4 f4 32.Rc5 Re6 33.Kf1 Rexd6 34.
Rxd6+ Rxd6 35.b5 Rd1+ 36.Ke2 Ra1 37.Rc3 Ra2+ 38.Ke1 Ke5 39.b6 Rb2 40.Rc6 
g5 41.a4 Kd4 42.a5 Rb1+ 43.Kd2 e3+ 44.fxe3+ fxe3+ 45.Kc2 Rg1 46.b7 Rxg2+ 
47.Kb3 Rg1 48.Ka2 e2 49.Re6 Rg2 50.Ka3 1-0

[Event "119th NZL-ch op"]
[Site "Queenstown NZL"]
[Date "2012.01.21"]
[Round "7"]
[White "Rains, Timothy"]
[Black "Zhang Jie Wen, William"]
[Result "0-1"]
[WhiteElo "1737"]
[BlackElo "1849"]
[EventDate "2012.01.15"]
[PlyCount "102"]

1.d4 Nf6 2.c4 g6 3.Nc3 Bg7 4.Nf3 O-O 5.Bf4 d6 6.e3 b6 7.Be2 Bb7 8.O-O Nbd7
9.a4 a5 10.h3 e6 11.Qc2 Re8 12.Bg5 h6 13.Bh4 e5 14.d5 Nc5 15.e4 Rf8 16.Nd2
Bc8 17.f3 g5 18.Bf2 Nh5 19.Kh2 f5 20.g4 fxg4 21.fxg4 Nf4 22.Bxc5 bxc5 23.
Bf3 Bd7 24.Nb5 h5 25.Rg1 Kf7 26.Kg3 Qc8 27.Raf1 Ke7 28.Nb3 Nxh3 29.Rh1 
Bxg4 30.Bg2 Nf4 31.Qd2 Be2 32.Rf2 Qg4+ 33.Kh2 Qh4+ 34.Kg1 Nh3+ 35.Rxh3 
Qxf2+ 36.Kh1 Bg4 37.Rd3 Qxd2 38.Nxd2 Kd7 39.Nc3 Rab8 40.b3 Rf7 41.Kg1 Rbf8
42.Kh2 h4 43.Kg1 Bh5 44.Nb5 g4 45.Na7 h3 46.Bf1 Bh6 47.Be2 Rf2 48.Nf1 Rxe2
49.Ng3 Rg2+ 50.Kh1 Bg6 51.Re3 Bxe3 0-1

[Event "119th NZL-ch op"]
[Site "Queenstown NZL"]
[Date "2012.01.21"]
[Round "7"]
[White "Safarian, Alek"]
[Black "Selnes, Hamish"]
[Result "1/2-1/2"]
[WhiteElo "2036"]
[BlackElo "1904"]
[EventDate "2012.01.15"]
[PlyCount "85"]

1.d4 Nf6 2.c4 g6 3.Nc3 d5 4.cxd5 Nxd5 5.Na4 Bg7 6.e4 Nb6 7.Be3 O-O 8.Nc5 
N6d7 9.Rc1 b6 10.Nb3 Na6 11.Qc2 c5 12.Rd1 Qc7 13.Nf3 Bb7 14.d5 Ne5 15.Be2 
Nxf3+ 16.Bxf3 Nb4 17.Qb1 c4 18.Nd4 Nd3+ 19.Kf1 a6 20.b3 Ne5 21.Be2 cxb3 
22.Qxb3 b5 23.Rc1 Qd7 24.f3 Rac8 25.Kf2 Rxc1 26.Rxc1 Rc8 27.Rc2 Rxc2 28.
Qxc2 Qc8 29.Qxc8+ Bxc8 30.f4 Nd7 31.Nc6 Kf8 32.Bd2 e6 33.Ke3 exd5 34.exd5 
Ke8 35.Ba5 Nc5 36.Bb6 Na4 37.Bd4 Bf8 38.h4 h5 39.Bd1 Nc5 40.Bc2 Nb7 41.Ne5
Nd6 42.Nf3 Nf5+ 43.Ke4 1/2-1/2